header

Rainbow magic: Ashley the Dragon Fairy (Record no. 260646)

MARC details
000 -LEADER
fixed length control field 00234nam a22000977a 4500
020 ## - INTERNATIONAL STANDARD BOOK NUMBER
ISBN 9780545425049
100 ## - MAIN ENTRY--AUTHOR NAME
Personal name Daisy Meadows
245 ## - TITLE STATEMENT
Title Rainbow magic: Ashley the Dragon Fairy
260 ## - PUBLICATION, DISTRIBUTION, ETC. (IMPRINT)
Place of publication New York
Name of publisher Scholastic
Year of publication 2009
942 ## - ADDED ENTRY ELEMENTS (KOHA)
Koha item type Long Loan Books
Holdings
Withdrawn status Lost status Collection code Home library Current library Shelving location Date acquired Accession Number Koha item type
    Fiction Rongo University Library Rongo University Library Children's Area 13/09/2023 CL20221918 Long Loan Books

© 2026 Rongo University
Contact us: librarian | system librarian | Rongo university